Textbook of medical physiology.(9th ed.) (Record no. 32887)

MARC details
000 -LEADER
fixed length control field 00673nam a2200181 a 4500
008 - FIXED-LENGTH DATA ELEMENTS--GENERAL INFORMATION
fixed length control field 150817s1996 ||||||||||||||||| || u
020 ## - INTERNATIONAL STANDARD BOOK NUMBER
International Standard Book Number 9780721659442
050 ## - LIBRARY OF CONGRESS CALL NUMBER
Classification number QP 34.5 Guy
100 ## - MAIN ENTRY--PERSONAL NAME
Personal name Guyton, Arthur C
245 10 - TITLE STATEMENT
Title Textbook of medical physiology.(9th ed.)
Statement of responsibility, etc. by Arthur C. Guyton and Joahn E. Hall
250 ## - EDITION STATEMENT
Edition statement 9th ed.
260 ## - PUBLICATION, DISTRIBUTION, ETC.
Place of publication, distribution, etc. Philadelphia
Name of publisher, distributor, etc. W.B Saunders Company
Date of publication, distribution, etc. 1996
300 ## - PHYSICAL DESCRIPTION
Extent xliii,1148p. :ill.
350 ## -
-- 64.95
650 ## - SUBJECT ADDED ENTRY--TOPICAL TERM
Topical term or geographic name entry element PHYSIOLOGY
650 #0 - SUBJECT ADDED ENTRY--TOPICAL TERM
Topical term or geographic name entry element PATHOLOGY
995 ## -
-- MEDICAL LIBRARY OPEN ACCESS
-- 903031
-- CBU-SCHOOL OF MEDICINE LIBRARY (Ndola)
-- 64.95
-- QP 34.5 Guy
-- 1
-- AVAILABLE
-- Sep 7, 2015
-- 903031
-- Medical Library Open Access Collection
999 ## -
-- 32887
-- 32887
Holdings
Withdrawn status Lost status Source of classification or shelving scheme Damaged status Not for loan Permanent Location Current Location Shelving location Date acquired Total Checkouts Full call number Barcode Date last seen Price effective from Koha item type
          CBU-SCHOOL OF MEDICINE LIBRARY, NDOLA. CBU-SCHOOL OF MEDICINE LIBRARY, NDOLA.   11/30/2022   QP 34.5 Guy 903031 11/30/2022 11/30/2022 MONOGRAPH